Science Quiz

Random Science or Clickable Quiz

Scientists by Biography Title Quiz Stats

 Plays Quiz Updated May 24, 2019

Score 0/20 Timer 04:00
0 Plays Today
% Correct
Marie Curie
91.2%
Charles Darwin
90%
Sally Ride
88.8%
Alexander Graham Bell
88.5%
Albert Einstein
88.2%
Archimedes
88%
Jane Goodall
87.4%
Isaac Newton
86.6%
Jacques Cousteau
83.8%
J. Robert Oppenheimer
83%
% Correct
Erwin Schrödinger
81.6%
Louis Pasteur
79.1%
Nikola Tesla
79.1%
Alexander Fleming
77.9%
Alfred Kinsey
76.6%
Neil deGrasse Tyson
72.4%
Stephen Hawking
64.3%
Galileo Galilei
64.3%
Michael Faraday
63.9%
Nicolaus Copernicus
57.8%

You're not logged in!

Compare scores with friends on all Sporcle quizzes.
OR
Log In

Sporcle TV

Today on Sporcle TV


Watch our educational content, quiz creation guides, and fun videos on Sporcle TV.

Show Comments

Extras

Top Quizzes Today


Score Distribution

Your Account Isn't Verified!

In order to create a playlist on Sporcle, you need to verify the email address you used during registration. Go to your Sporcle Settings to finish the process.

Report this User

Report this user for behavior that violates our Community Guidelines.

Details: